| 000 | 01168nam0a22002531 4500 | ||
|---|---|---|---|
| 001 | v19\rc\1984357 | ||
| 005 | 20251118181216.5 | ||
| 035 | _a(NLR Aleph) 005067096 | ||
| 090 |
_a7056511 _c7056511 |
||
| 100 | _a20080623d1914 u y0rusy50 ca | ||
| 101 | 0 | _arus | |
| 102 | _aRU | ||
| 105 | _ay z ||||| | ||
| 200 | 1 | _aУстав Общей больничной кассы при спичечной фабрике т-ва "Г.И. Ворожцова и К°" и заводов: колокололитейного В.П. Куршакова и стекольного Г.Н. Шмелева Н-ки | |
| 210 |
_aСлободской _d1914 |
||
| 215 | _a32 с. | ||
| 710 | 0 | 2 | _aСлободская общая больничная касса спичечной фабрики товарищества "Г.И. Ворожцова и К°" и заводов: колокололитейного В.П. Куршакова и стекольного Г.Н. Шмелева наследники |
| 801 | 0 |
_aRU _bNLR _gpsbo |
|
| 801 | 0 |
_aRU _bRuMoRGB _2psbo |
|
| 801 | 1 |
_aRU _bProSoft-M _2rusmarc |
|
| 852 |
_aNLR _j37.61.5.3 |
||
| 899 |
_aRuMoRGB _jV 122/112 |
||
| 942 | _cBOOK | ||
| 980 | _aNB | ||